Neuer U-Bahn Plan Wien - Karte - Statistiken

Allgemein
  • Dieses Quiz wurde 12 mal gespielt
    4 seit der letzten Aktualisierung
  • Das Durchschnittsergebnis liegt bei 35 aus 121
Antworten auf der Karte
Die Antworten werden auf der Karte rot bzw. grün angezeigt, abhängig davon wie oft sie richtig erraten wurden.
 
Antwortstatistiken
U-Bahn Antwort % Korrekt
U1 Karlsplatz
100%
U5 Museumsquartier
100%
U2 | U5 Rathaus
100%
U2 Schottentor
100%
U3 | U5 Volkstheater
100%
U1 Alte Donau
50%
U6 Alterlaa
50%
U5 Arne-Karlsson-Park
50%
U2 Aspern Nord
50%
U2 Aspernstraße
50%
U6 Bahnhof Meidling
50%
U1 Donauinsel
50%
U2 Donaumarina
50%
U2 Donaustadtbrücke
50%
U6 Dresdner Straße
50%
U5 Elterleinplatz
50%
U3 Enkplatz
50%
U6 Floridsdorf
50%
U5 Frankhplatz
50%
U4 Friedensbrücke
50%
U6 Handelskai
50%
U2 Hausfeldstraße
50%
U4 Heiligenstadt
50%
U5 Hernals
50%
U3 Herrengasse
50%
U1 Kagran
50%
U1 Kagraner Platz
50%
U1 Kaisermühlen – VIC
50%
U4 | U5 Karlsplatz
50%
U2 Krieau
50%
U3 Landstraße
50%
U1 Leopoldau
50%
U4 Meidling Hauptstraße
50%
U2 Messe-Prater
50%
U5 Michelbeuern - AKH
50%
U1 Nestroyplatz
50%
U1 Neulaa
50%
U6 Nußdorfer Straße
50%
U1 Oberlaa
50%
U3 Ottakring
50%
U1 | U2 Praterstern
50%
U3 Rochusgasse
50%
U4 Roßauer Lände
50%
U2 | U4 Schottenring
50%
U1 Schwedenplatz
50%
U2 Seestadt
50%
U3 Simmering
50%
U4 | U6 Spittelau
50%
U2 Stadion
50%
U4 Stadtpark
50%
U1 Stephansplatz
50%
U1 Südtiroler Platz-Hauptbahnhof
50%
U2 Taborstraße
50%
U1 Vorgartenstraße
50%
U3 | U6 Westbahnhof
50%
U3 Zippererstraße
50%
U1 Aderklaaer Straße
0%
U1 Alaudagasse
0%
U6 Alser Straße
0%
U1 Altes Landgut
0%
U6 Am Schöpfwerk
0%
U4 Braunschweiggasse
0%
U6 Burggasse-Stadthalle
0%
U2 Donauspital
0%
U3 Erdberg
0%
U6 Erlaaer Straße
0%
U3 Gasometer
0%
U1 Großfeldsiedlung
0%
U6 Gumpendorfer Straße
0%
U2 Gußriegelstraße
0%
U2 Hardeggasse
0%
U4 Hietzing
0%
U4 Hütteldorf
0%
U3 Hütteldorfer Straße
0%
U6 Jägerstraße
0%
U3 Johnstraße
0%
U6 Josefstädter Straße
0%
U3 Kardinal-Nagl-Platz
0%
U3 Kendlerstraße
0%
U1 Keplerplatz
0%
U4 Kettenbrückengasse
0%
U4 Landstraße
0%
U4 | U6 Längenfeldgasse
0%
U2 Lina-Loos-Platz
0%
U4 Margaretengürtel
0%
U2 Matzleinsdorfer Platz
0%
U2 | U3 Neubaugasse
0%
U6 Neue Donau
0%
U6 Niederhofstraße
0%
U4 Ober St. Veit
0%
U6 Perfektastraße
0%
U2 | U4 Pilgramgasse
0%
U2 Reinprechtsdorfer Straße
0%
U1 Rennbahnweg
0%
U1 Reumannplatz
0%
U3 Schlachthausgasse
0%
U4 Schönbrunn
0%
U4 Schwedenplatz
0%
U3 Schweglerstraße
0%
U6 Siebenhirten
0%
U2 Stadlau
0%
U3 Stephansplatz
0%
U3 Stubentor
0%
U1 Taubstummengasse
0%
U6 Thaliastraße
0%
U1 Troststraße
0%
U6 Tscherttegasse
0%
U4 Unter St. Veit
0%
U6 Währinger Straße-Volksoper
0%
U2 Wienerberg
0%
U3 Zieglergasse
0%
Keine übereinstimmenden Quizze gefunden
Verteilung der Resultate
Anzahl Personen mit jedem Resultat
Perzentil nach korrekt beantworteten Fragen
Ihre Resultats-Entwicklung
Sie haben dieses Quiz seit der letzten Aktualisierung nicht gespielt